Greek clasics (Record no. 7971)

MARC details
000 -LEADER
fixed length control field 00488cam a2200205ua 4500
001 - CONTROL NUMBER
control field 8884
005 - DATE AND TIME OF LATEST TRANSACTION
control field 20260515114409.0
008 - FIXED-LENGTH DATA ELEMENTS--GENERAL INFORMATION
fixed length control field 150216n ii |||gr||||Z||||||eng
020 ## - INTERNATIONAL STANDARD BOOK NUMBER
International Standard Book Number 8170966558
040 ## - CATALOGING SOURCE
Transcribing agency MAIN
041 ## - LANGUAGE CODE
Language code of text/sound track or separate title eng
082 ## - DEWEY DECIMAL CLASSIFICATION NUMBER
Classification number 480
100 ## - MAIN ENTRY--PERSONAL NAME
Personal name Snodgrass, M. E.,
Relator term Author.
245 1# - TITLE STATEMENT
Title Greek clasics
Statement of responsibility, etc. By M. E. Snodgrass
250 ## - EDITION STATEMENT
Edition statement 1st.
260 ## - PUBLICATION, DISTRIBUTION, ETC.
Place of publication, distribution, etc. New Delhi:
Name of publisher, distributor, etc. Kalyani,
Date of publication, distribution, etc. 1992.
300 ## - PHYSICAL DESCRIPTION
Extent 420p.
653 ## - INDEX TERM--UNCONTROLLED
Uncontrolled term Hellenic languages classical Greek
942 ## - ADDED ENTRY ELEMENTS (KOHA)
Koha item type Books
Holdings
Withdrawn status Lost status Damaged status Not for loan Home library Current library Shelving location Date acquired Total checkouts Full call number Barcode Date last seen Copy number Price effective from Koha item type
        Naharkatiya College Library Naharkatiya College Library General stacks 09/19/2020   480 | SNO 4990 09/19/2020 1 09/19/2020 Books